Pages de début (notice n° 1667284)

détails MARC
000 -LEADER
fixed length control field 01329cam a2200157 4500500
005 - DATE AND TIME OF LATEST TRANSACTION
control field 20260222003232.0
041 ## - LANGUAGE CODE
Language code of text/sound track or separate title fre
042 ## - AUTHENTICATION CODE
Authentication code dc
100 10 - MAIN ENTRY--PERSONAL NAME
Personal name Vidjingninou, Fiacre
Relator term author
245 00 - TITLE STATEMENT
Title Pages de début
260 ## - PUBLICATION, DISTRIBUTION, ETC.
Date of publication, distribution, etc. 2025.<br/>
500 ## - GENERAL NOTE
General note 52
520 ## - SUMMARY, ETC.
Summary, etc. Cinq ans ont passé depuis ce matin d’août 2020, où le colonel Goïta prenait le pouvoir à Bamako. Aujourd’hui, les trois pays de l’Alliance des États du Sahel dressent un bilan en demi-teinte. Le grand virage stratégique – rupture avec l’Occident, basculement vers Moscou – n’a pas tenu toutes ses promesses. Cette étude plonge au cœur de cette mutation, en croisant les données de terrain, les dynamiques institutionnelles et les jeux géopolitiques. Elle prend acte, d’emblée, de la légitimité de cette soif de sécurité qui a porté les militaires au pouvoir, tout en mesurant sans complaisance ce qu’ils ont réellement accompli et en traçant des voies de sortie de crise. L’enquête s’appuie sur des sources ouvertes, des données chiffrées (ACLED, OCHA) et des entretiens menés sur place, auprès d’acteurs civils comme militaires.
786 0# - DATA SOURCE ENTRY
Note Commentaire | 192 | 4 | 2025-12-02 | p. 720-723 | 0180-8214
856 41 - ELECTRONIC LOCATION AND ACCESS
Uniform Resource Identifier <a href="https://shs.cairn.info/revue-commentaire-2025-4-page-720?lang=fr&redirect-ssocas=7080">https://shs.cairn.info/revue-commentaire-2025-4-page-720?lang=fr&redirect-ssocas=7080</a>

Pas d'exemplaire disponible.

PLUDOC

PLUDOC est la plateforme unique et centralisée de gestion des bibliothèques physiques et numériques de Guinée administré par le CEDUST. Elle est la plus grande base de données de ressources documentaires pour les Étudiants, Enseignants chercheurs et Chercheurs de Guinée.

Adresse

627 919 101/664 919 101

25 boulevard du commerce
Kaloum, Conakry, Guinée

Réseaux sociaux

Powered by Netsen Group @ 2025